000 00409cam a2200169ua 4500
020 _cRs.600/-
041 _aeng
_h
082 _a631.8
_bSOM/EF
100 _aSoman, L.L .
245 _aEfficent use of Fertilisers /
_cSoman. L.L.
_hTextual Documents
260 _aUdaipur :
_bATPA ,
_c1996.
300 _a288 ;
_e`.
365 _aRs.600/-
504 _a
942 _cBK
999 _c13077
_d13077